000 00815nam a22002777a 4500
001 BR9405257
003 BR-BrBNA
005 20230928094305.0
007 ta
008 230509b bl.||||| |||| 00| 0 por d
040 _aBR-BrBNA
_bpor
_cBiblioteca Nacional de Agricultura
041 _a(Por)
072 _aH50
_b2480
090 _ 2480 BR9405257
100 1 _aShorrocks, V.M.
110 1 _aSuperintendencia da Borracha, Brasilia, DF (Brasil)
_910009
245 1 _aDeficiencias minerais em Hevea e plantas de cobertura associadas
260 3 _aBrasilia, DF (Brasil):
_c1979.
300 _a75 p.
500 _a53 illus.; Bibliography p. 73-75 (85 ref.)
650 _aSeringueira
650 _aNutriente Mineral
650 _aDeficiencia Mineral
909 _a202309
_bLucia
_c55
_dLucia Elande
942 _cBK
999 _c49888
_d49888